| 000 | 00550nam a22002057a 4500 | ||
|---|---|---|---|
| 003 | OSt | ||
| 005 | 20140310183036.0 | ||
| 008 | 130219t xxu||||| |||| 00| 0 eng d | ||
| 020 | _a978-9-71235312-3 | ||
| 050 |
_a PE1404 _bB223 2009 |
||
| 082 |
_aFIL 808.042 _bB23 2009 |
||
| 245 |
_aEnglish 3 _bEnglish for academic writing _cBaraceros, Esther L. |
||
| 260 |
_aManila _bRex Book Store _c2009 |
||
| 300 |
_a169 p. _c22.3 cm. |
||
| 521 | _acollege students | ||
| 526 | _c1210L-1700L | ||
| 541 | _j1 | ||
| 562 | _e3 | ||
| 942 |
_2lcc _cBK _kFIL |
||
| 999 |
_c18486 _d18486 |
||